Auckland Motorway quiz - Statistics

General Stats
  • This quiz has been taken 37 times
  • The average score is 38 of 66
Answer Stats
Motorway Answer % Correct
Southern Great South Rd, Redoubt Rd (Manukau)
82%
North Western Te Atatu Road (Te Atatu South)
82%
North Western Great North Road (Point Chevalier)
79%
North Western Great North Road (Western Springs)
79%
South Western Dominion Road (Mt Roskill)
75%
Southern Green Lane East (Green Lane)
75%
North Western Lincoln Road (Lincoln)
75%
South Western Queenstown Road (Hillsborough)
75%
Southern Tecoma Street (Ellerslie)
75%
Southern Beach Road (Papakura)
71%
Southern Great South Road (Drury)
71%
Southern Market Road (Remuera)
71%
Northern Motorway Oteha Valley Road (Albany)
71%
Southern Gillies Ave (New Market)
68%
Southern Great South Road (Takanini)
68%
North Western Hobsonville Road (Westgate)
68%
North Western Rosebank Road, Patiki Road (Avondale)
68%
South Western Hillsborough Road (Hillsborough)
64%
Southern Khyber Pass (New Market)
64%
South Western Lambie Drive (Manukau)
64%
Southern Mt Wellington Highway (Mt Wellington)
64%
Northern Motorway Onewa Road (Northcote)
64%
Southern Te Irirangi Drive (Manukau)
64%
South Western Walmsley Road, Coronation Road (Mangere)
64%
Airport Bader Drive (Mangere)
61%
South Western Cavendish Drive (Manukau)
61%
Northern Motorway Dairy Flat Highway (Silverdale)
61%
Northern Motorway Esmonde Road (Akoranga)
61%
Southern Hill Road (Manurewa)
61%
Airport Kirkbride Road (Mangere)
61%
Airport Landing Drive, Verissimo Drive (Mangere)
61%
South Western Massey Road (Mangere)
61%
Shared Central Wellesley Street Bridge (Grafton)
61%
Shared Central Nelson Street, Hobson Street (Auckland CBD)
57%
North Western Newton Road (Grey Lynn)
57%
Northern Motorway Northcote Road (Northcote)
57%
North Western Royal Road (Massey)
57%
Northern Motorway Constellation Drive (Meadowood)
54%
Shared Central Grafton Road, Stanley Street (Grafton)
54%
South Western Maioro Street (Mt Roskill)
54%
South Western Neilson Street (Onehunga)
54%
Southern Symonds Street (Auckland CBD)
54%
Northern Motorway Tristram Avenue (Forrest Hill)
54%
Upper Harbour Brigham Creek Road (Hobsonville)
50%
Northern Motorway Cook Street, Wellington Street (Auckland CBD)
50%
Upper Harbour Squadron Drive (Hobsonville)
50%
Southern St Marks Road (Remuera)
50%
Southern East Tamaki Rd (Otara)
46%
Northern Motorway Greville Road, Albany Expressway (Rosedale)
46%
South Western Mahunga Drive (Mangere Bridge)
46%
Southern South Eastern Highway (Penrose)
46%
Upper Harbour Trig Road (Hobsonville)
46%
Northern Motorway Fanshawe Street (Auckland CBD)
43%
North Western Fred Taylor Drive, Brigham Creek Road (Whenuapai)
43%
Southern Princes St (Otahuhu)
43%
Northern Motorway Curran Street, Shelly Beach Road (St Marys Bay)
39%
Southern Ellerslie Panmure Highway (Ellerslie)
39%
Northern Motorway Grand Drive (Orewa)
39%
Upper Harbour Greenhithe Road (Greenhithe)
39%
Southern Highbrook Drive (Highbrook)
39%
South Western Puhinui Road (Puhinui)
39%
Upper Harbour Tauhinu Road (Greenhithe)
39%
Northern Motorway Stafford Road (Northcote Point)
36%
Northern Motorway Wainui Road, Millwater Parkway (Millwater)
36%
Upper Harbour Albany Highway (Unsworth Heights)
29%
Upper Harbour Caribbean Drive, Paul Matthews Road (Unsworth Heights)
14%
No matching quizzes found
Score Distribution
Percent of People with Each Score
Percentile by Number Answered
Your Score History
You have not taken this quiz